000 00409nam a2200181Ia 4500
001 8932
005 20260306160646.0
008 260306t1971||||xx |||||||||||||| ||spa||
041 _aESP
082 _a371.926
_bV941
100 _aVial, Monique.
_eAUT
245 0 _aLos malos alumnos
260 _c1971
300 _a190 páginas :
_c19 cm.
650 _aGEN
654 _aCED
942 _cLIB
_dJUS
_fJUS
_2ddc
_n
999 _c8932
_d8932